Statistiques concernant 100 personnages Disney

Cliquez ici pour prendre le quiz!

Statistiques générales

  • Ce quiz a été pris 135 fois
  • Le résultat moyen est 38 sur 100

Statistiques - réponses

annéesfilm% Correct
1937blanche neige
91%
1950cendrillon
80%
1991belle
76%
1940mickey
70%
anna
69%
grincheux
69%
la bete
69%
2010raiponce
69%
simplet
67%
1989ariel
66%
2013elsa
66%
1959aurore
61%
prof
61%
atchoum
60%
olaf
59%
dormeur
58%
1992aladdin
56%
timide
56%
joyeux
55%
1998mulan
55%
1994simba
54%
1942dumbo
53%
jasmine
53%
1940pinocchio
53%
1953peter pan
52%
2016vaiana
51%
malefique
50%
scar
49%
1942bambi
48%
nala
48%
jafar
47%
polochon
47%
pumba
45%
timon
45%
clochard
44%
gepetto
42%
1997hercule
42%
javotte
42%
ursula
42%
1951alice
41%
cruella
41%
anastasie
40%
sven
40%
panpan
39%
wendy
39%
1977bernard
38%
bianca
38%
1981rox
38%
lumiere
37%
marie
37%
1967mowgli
37%
rouky
37%
1999tarzan
37%
2009tiana
35%
baloo
34%
gaston
33%
1973robin
33%
1970duchesse
32%
1961pongo
32%
1955lady
31%
fleur
30%
hades
30%
la reine de coeur
30%
lucifer
30%
1963merlin
30%
mushu
30%
pascal
30%
crochet
29%
le lapin blanc
28%
berlioz
27%
jane
27%
toulouse
27%
bagheera
26%
le chapelier fou
26%
perdita
26%
zeus
26%
arthur
25%
stitch
24%
jiminy cricket
23%
2002lilo
23%
megara
23%
2012ralph
22%
2021raya
22%
la fée bleue
19%
marianne
19%
2021mirabel
19%
eugène
18%
bruno
15%
facilier
15%
flash
15%
naveen
15%
panique
15%
2016judy
14%
peine
13%
isabella
12%
abuela
10%
nick
10%
sissu
8%
louisa
5%
cricky
3%

Distribution des résultats

Percentile par nombre de réponses

% des personnes avec chaque résultat

Votre développement - résultats

Vous n’avez pas pris ce quiz